Appunti sulla riforma dei reati in materia agroalimentare

Furkejuvvon:
Bibliográfalaš dieđut
Váldodahkki: Masini, Stefano (autor)
Materiálatiipa: Girji
Giella:itáliagiella
Almmustuhtton: Bari Cacucci 2015
Preanttus:1a. ed
Fáttát:
Fáddágilkorat: Lasit fáddágilkoriid
Eai fáddágilkorat, Lasit vuosttaš fáddágilkora!

MARC

LEADER 00000cam a2200000 a 4500
001 UCD4255
003 CL-VaPUC
008 160701e20150000it |||||||||||||||||ita|d
020 |a 9788866114895 
082 0 4 |a 345.025  |b MAS  |2 21 
100 |a Masini, Stefano  |e autor  |9 588279 
245 1 0 |a Appunti sulla riforma dei reati in materia agroalimentare 
250 |a 1a. ed 
300 |a 149 p 
942 |c BK 
945 |d 20160701 20:49:00  |a dcastane 
260 |a Bari  |b Cacucci  |c 2015 
650 7 |a DELITOS CONTRA LAS PERSONAS  |2 CL-VaPUC  |9 256124 
650 0 |a Enfermedades  |9 263059 
650 0 |a Industria agrícola   |9 264819 
650 0 |a Responsabilidad social empresarial  |9 525230 
583 |a last modification  |c 20160705 02:35:47  |k Rodrigo Vera 
999 |c 365197  |d 365195 
952 |0 0  |1 0  |3 erb  |4 0  |6 345_025000000000000_MAS_2015  |7 0  |8 A  |9 478983  |a BIBDER  |b BIBDER  |i 5295513  |o 345.025 MAS 2015  |p 5295513  |r 2023-01-25  |w 2019-11-24  |y BK  |z Catalogado en:20160701  |k DER